Loading...
| Fine Arts - Classical Music | 7 | 12.86 | 86% | 43% | 0% |
| Fine Arts - Other Fine Arts | 4 | 15.00 | 100% | 50% | 0% |
| Fine Arts - Visual Fine Arts | 2 | 15.00 | 100% | 50% | 0% |
| Geography/Current Events | 3 | 26.67 | 100% | 100% | 67% |
| History - American History | 5 | 18.00 | 100% | 80% | 0% |
| History - European History | 5 | 22.00 | 100% | 100% | 20% |
| History - Other History | 6 | 20.00 | 100% | 83% | 17% |
| History - World History | 8 | 25.00 | 100% | 100% | 50% |
| Literature - American Literature | 6 | 13.33 | 100% | 33% | 0% |
| Literature - British Literature | 7 | 14.29 | 100% | 43% | 0% |
| Literature - European Literature | 9 | 16.67 | 100% | 67% | 0% |
| Literature - World/Other Literature | 5 | 18.00 | 100% | 60% | 20% |
| Mythology | 4 | 20.00 | 100% | 50% | 50% |
| Other Academic | 1 | 20.00 | 100% | 100% | 0% |
| Philosophy | 5 | 14.00 | 100% | 20% | 20% |
| Religion | 7 | 14.29 | 100% | 43% | 0% |
| Science - Biology | 5 | 14.00 | 100% | 40% | 0% |
| Science - Chemistry | 6 | 13.33 | 100% | 33% | 0% |
| Science - Other Science | 7 | 14.29 | 100% | 29% | 14% |
| Science - Physics | 9 | 16.67 | 100% | 56% | 11% |
| Social Science | 8 | 15.00 | 100% | 38% | 13% |